00694cam a22002531 4500001001300000003000400013005001700017008004100034010001700075035002000092040001800112042001200130043001200142050001900154100003700173245002800210260001100238300002300249500001700272500006200289610003000351651004200381999001700423sa 65000214 DLC20260227112101.0890421r1964uuuuii 000 0 gujo  asa 65000214  a(OCoLC)19581880 aDLCcWaUdDLC apremarc aa-ii---00aDS480.84b.P341 aPatwa, Chunilal Bhogilal,d1911-10aGorakha ane Macchindra. c[1964] a16, 308 p.c19 cm. aIn Gujarati. aArticles originally published in Gujarāta Samācāra.20aIndian National Congress. 0aIndiaxPolitics and governmenty1947- c61437d61437